000 00581nmm a2200193Ia 4500
008 251105s9999||||xx |||||||||||||||||und||
020 _a9789586486644
041 _aspa
100 _aCarlos Cruz Gómez, J. Alberto
245 0 _aErgonomía aplicada
264 _a[Bogotá, Colombia] :
_bEcoe Ediciones,
_c2010
300 _a220 páginas
490 _aIngeniería y Arquitectura
650 _aEngineering
700 _aCarlos Cruz Gómez, J. Alberto
700 1 _a Garnica Gaitán, G. Andrés
856 _uhttps://public.digitaliapublishing.com/a/29926
942 _cCF
999 _c63563
_d63563